Vista normal Vista MARC

Entrada Topical Term

Número de registros utilizados en: 2

001 - CONTROL NUMBER

  • control field: 68717

003 - CONTROL NUMBER IDENTIFIER

  • control field: OSt

005 - DATE AND TIME OF LATEST TRANSACTION

  • control field: 20260209192048.0

008 - FIXED-LENGTH DATA ELEMENTS

  • fixed length control field: 260209|| aca||aabn | a|a d

040 ## - CATALOGING SOURCE

  • Original cataloging agency: OSt
  • Transcribing agency: OSt

150 ## - HEADING--TOPICAL TERM

  • Topical term or geographic name entry element: Canciones indígenas

670 ## - SOURCE DATA FOUND

  • Source citation: Work cat.: (OSt)60451: Los arrullos de Jáamo --y otros relatos para nuestros niños y niñas /









Instituto Departamental de Cultura del Meta - Red Departamental de Bibliotecas Públicas del Meta.